[Event "Zaragoza Verano op A 1st"]
[Site "Zaragoza"]
[Date "2015.08.02"]
[Round "7.1"]
[White "Roldan Marques, Daniel"]
[Black "Rodriguez Font, Roger"]
[Result "1-0"]
[WhiteElo "2145"]
[BlackElo "2002"]
[PlyCount "77"]
[EventDate "2015.07.31"]
[EventType "swiss"]
[EventRounds "9"]
[EventCountry "ESP"]
[SourceTitle "EXT 2024"]
[Source "ChessBase"]
[SourceDate "2023.10.10"]
[SourceVersion "1"]
[SourceVersionDate "2023.10.10"]
[SourceQuality "1"]

1. d4 f5 2. c4 Nf6 3. g3 d6 4. b3 g6 5. Bb2 Bg7 6. Bg2 0-0 7. Nh3 Qe8 8. d5 c6 9. 0-0 Na6 10. Nc3 h6 11. f4 Nc7 12. dxc6 bxc6 13. Qd2 Bd7 14. Nf2 Rd8 15. e4 fxe4 16. Nfxe4 Qf7 17. Nxf6+ Qxf6 18. Na4 Qf7 19. Bxg7 Qxg7 20. Qa5 Qd4+ 21. Kh1 Ne6 22. Rad1 Qe3 23. c5 Nxc5 24. Rfe1 Qf2 25. Nxc5 dxc5 26. Rf1 Qe2 27. Rde1 Qd3 28. Qxc5 Qd6 29. Qxa7 Ra8 30. Qf2 g5 31. Rd1 Qc7 32. Qe3 Bg4 33. Rd2 gxf4 34. gxf4 Rf6 35. Be4 Raf8 36. Rg2 Rxf4 37. Rfg1 h5 38. h3 Qe5 39. Bh7+ 1-0